Hello, My Name Is...'J' Quiz Stats

 Plays Quiz Updated Jul 5, 2017

Support Sporcle.
Go Orange.
Score 0/25 Timer 08:00
7 Plays Today
% Correct
Jennifer Aniston
97%
Jack Nicholson
95.1%
Justin Timberlake
87.3%
James Brown
83.4%
Judy Garland
82.6%
Jamie Lee Curtis
81.7%
Johnny Cash
81.4%
Julie Andrews
81.4%
Jessica Alba
79.6%
Jake Gyllenhaal
78.3%
Jimi Hendrix
77.5%
Jodie Foster
74.2%
Jon Bon Jovi
72.7%
% Correct
Jane Curtin
70.9%
Janis Joplin
69.7%
Jeff Goldblum
69.6%
Julia Child
69.3%
Jude Law
67%
Jason Alexander
63.8%
Jerry Lewis
56.9%
Jimmy Buffett
55.5%
Joan Crawford
52.8%
Jacques Cousteau
46.5%
Jean Stapleton
43.3%
Josephine Baker
18.2%

You're not logged in!

Compare scores with friends on all Sporcle quizzes.
OR
Log In
Forgot?

From the Vault

US Multi-Word Cities by Any Word

by metashades

Certain areas of the country just attract the multi-word cities, you know?
Remove Ads.
Support Sporcle.
Get the best of Sporcle when you Go Orange. This ad-free experience offers more features, more stats, and more fun while also helping to support Sporcle. Thank you for becoming a member.

Show Comments

Extras

Top Quizzes Today


Score Distribution

Your Account Isn't Verified!

In order to create a playlist on Sporcle, you need to verify the email address you used during registration. Go to your Sporcle Settings to finish the process.

Report this User

Report this user for behavior that violates our Community Guidelines.

Details: